| 000 | 00568cam a22001811i 4500 | ||
|---|---|---|---|
| 082 |
_a669.3 _bCOP |
||
| 110 | 2 |
_aCopper Development Association, London. _945161 |
|
| 245 | 1 | 0 | _aCopper in chemical plant. |
| 260 |
_aLondon : _bThe Association, _c1936. |
||
| 300 |
_a5 p. l., 7-69 p. : _bill., plates. ; _c22 cm. |
||
| 500 | _a"C. D. A. publication no. 23, 1936." | ||
| 526 |
_a0 _b0 _c0 _d669_300000000000000_COP |
||
| 650 | 0 |
_aChemical apparatus. _945162 |
|
| 650 | 0 |
_aChemical engineering. _97282 |
|
| 650 | 0 |
_aCopper. _940949 |
|
| 650 | 0 |
_aMCE _9379 |
|
| 942 |
_2ddc _cBK |
||
| 999 |
_c548747 _d548747 |
||